Responses for Show #2164 - Thursday, January 20, 1994

Contestants

[<< previous game]

Jane Walton, a substitute teacher from Santa Cruz, California

Barry Rubinowitz, a writer from West Hollywood, California

Kevin Foley, an accountant from Rockledge, Pennsylvania (whose 1-day cash winnings total $6,700)

[next game >>]

Jeopardy! Round responses

HISTORY
ACTORS ONSTAGE
HEALTH & MEDICINE
DINING OUT
DUTCH TREAT
QUOTATIONS
    $100 1
Catherine the Great

Kevin
    $100 7
Rhett Butler

Kevin
    $100 26
the kidneys

Jane
    $100 17
a firehouse

Barry
    $100 12
an ice skating race

Jane
    $100 6
at home

Barry
    $200 2
Mussolini

Kevin
    $200 8
Ricardo Montalbán

Kevin
    $200 27
aerobics

Barry
    $200 22
Oslo

Kevin
    $200 13
wooden shoes

Kevin
    $200 18
de Gaulle

Kevin
    $300 3
the hydrogen bomb

Jane
    $300 9
Iago

Kevin
    $300 28
trichinosis

Jane
    $300 23
the World Trade Center

Jane
    $300 14
The Hague

Jane
    $300 19
the Green Bay Packers

Barry
    $400 4
Austria

Barry
    $400 10
Driving Miss Daisy

Jane
    $400 29
traction

Barry
    $400 24
Caesar's Palace

Barry
    $400 15
(Kevin: What is Edam?)

Gouda

KevinBarry
    $400 20
jazz

Barry
    $500 5
Persia

Jane
    $500 11
The Elephant Man

Kevin
    $500 30
(What is oxygen?)

nitrogen

Barry
    $500 25
Williamsburg

Kevin
    $500 16
a painter

Jane
    $500 21
(Barry: Who is Richard Nixon?)
(Alex: Who is [*]?)
(Barry: I'm a Democrat.)

Ronald Reagan

Barry
Triple Stumper

Scores at the first commercial break (after clue 15):

Kevin Barry Jane
$1,200 $900 $1,600

Scores at the end of the Jeopardy! Round:

Kevin Barry Jane
$2,100 $1,700 $2,800

Double Jeopardy! Round responses

GEOGRAPHY
LITERARY CHARACTERS
BUSINESS & INDUSTRY
THE 1970s
BIBLICAL KINGS
POTPOURRI
    $200 21
the Aleutians

Kevin
    $200 10
Garp

Barry
    $200 16
Avis

Kevin
    $200 1
Jim Jones

Jane
    $200 6
Jerusalem

Barry
    $200 15
Bob Hope

Kevin
    $400 22
(Alex: That's is and we've got a minute to go.)

the Sierra Madre

Jane
    $400 11
Nero Wolfe

Barry
    $400 17
Coca-Cola

Jane
    $400 2
Idi Amin

Barry
    $400 7
Solomon

Jane
    $400 26
a Shetland Sheepdog

Kevin
    $600 23
the Black Sea

Kevin
    $600 12
Lillian Hellman

Barry
    $600 18
Dr. Scholl

Barry
    $600 3
Denmark

Jane
    $600 8
Herod

Kevin
    $600 27
Poland

Jane
    $800 24
Port-au-Prince

Kevin
    $800 13
(Anthony) Burgess

Barry
    $800 19
Blockbuster

Jane
    $800 4
South Dakota

Jane
    $800 9
Jezebel

Triple Stumper
    $800 29
Linnaeus

Jane
    $1000 25
(Jane: What is Maui?)

Kauai

Jane
Triple Stumper
    $1000 14
John Cheever

Triple Stumper
    $1000 20
microwave

Kevin
    $1,000 5
Nixon

Jane
    $700 30
Nebuchadnezzar

Jane
    $1000 28
Twyla Tharp

Barry

Scores at the end of the Double Jeopardy! Round:

Kevin Barry Jane
$6,100 $5,900 $8,500

[wagering suggestions for these scores]

Final Jeopardy! Round responses

INVENTORS
BarryWho was Alexander Graham Bell?
$300
KevinWho is Mackenzie
$5,701
JaneWho are the Curies?
$4,701
Alexander Graham Bell

Final scores:

Kevin Barry Jane
$399 $6,200 $3,799
3rd place: a console table + Jeopardy! home game or computerized version New champion: $6,200 2nd place: a trip for 2 to Panama City Beach, Florida + Jeopardy! home game or computerized version

Game dynamics:

Coryat scores:

Kevin Barry Jane
$6,100 $6,400 $8,800
18 R,
1 W
17 R,
2 W
(including 1 DD)
20 R
(including 2 DDs),
1 W

Combined Coryat: $21,300

[game clues] [game scores] [suggest correction]

Game tape date: 1993-09-28
The J! Archive is created by fans, for fans. Scraping, republication, monetization, and malicious use prohibited; this site may use cookies and collect identifying information. See terms. The Jeopardy! game show and all elements thereof, including but not limited to copyright and trademark thereto, are the property of Jeopardy Productions, Inc. and are protected under law. This website is not affiliated with, sponsored by, or operated by Jeopardy Productions, Inc. Join the discussion at JBoard.tv.